000 00715nam a2200289Ia 4500
005 20260324134331.0
008 008 260324s9999 xx 000 0 eng d
020 _a9781315054599
037 _aEBOOK
040 _aCRL
040 _beng
040 _cCRL
041 _2eng
041 _aeng
084 _qCRL
100 _aHamida Bosmajian
_91196423
245 0 _aSparing the Child
245 0 _bGrief and the Unspeakable in Youth Literature about Nazism and the Holocaust
260 _bTaylor and Francis
260 _c2002
365 _a
365 _b230
856 _uhttp://www.taylorfrancis.com/books/9781315054599
942 _cEBOOK
999 _c1796415
_d1796415